000 00680nam a22002177a 4500
003 NUST
005 20240627103333.0
008 170310b xxu||||| |||| 00| 0 eng d
040 _c0
050 _a200
082 _a200
100 _aHamid Iqbal
_9123840
245 _aMonitoring Municipal Solid Waste Leachate Mobility Through Soil And Compost/
_cHamid Iqbal
260 _aIslamabad
_bIESE (SCEE) NUST
_c2015.
300 _a137 p.
_bHB.
440 _aPhD- Environmental Engineering
_91729
650 _aPhD-Environmental Engineering
_9123218
700 _4Supervisor:Dr. M Anwar Baig
856 _uhttp://10.250.8.41:8080/xmlui/handle/123456789/3032
942 _2ddc
_cSC
999 _c233686
_d233686